000 00539nam a22002052 4500
001 0000005836
005 20151217154355.0
008 070719s xx 000 0 eng d
020 _a0521666627 :
_cKES 900
040 _aKABU
_cKABU
050 0 _aQD33
_b.H37 1999
100 1 _aHarwood, Richard.
_@0000080329
245 1 0 _aChemistry.
260 _aCambridge :
_bCUP,
_c1999.
300 _avii, 415 p.
650 0 _aChemistry.
_@0000148202
908 _a070719
950 _@1
999 _c10849
_d10849